00441nam a2200169Ia 4500008004100000020001400041040001900055041001200074082002200086100002100108245003600129260002800165300001900193650002000212651002300232850001600255131103s9999 xx 000 0 und d a330102850 aLoreto College aEnglish aF/HEYbLCBED/8637 aHeyer, Georgette 4aThe corinthiancGeorgette Heyer aLondonbPan booksc1940 a207p. c 18cm. aEnglish fiction aEnglish literature aLCBED/F/HEY